000 00718nam a2200205 a 4500
001 000033279
005 20200930070140.0
008 110823s1887 dr 000 0 spa d
040 _aDO-SdBNP
_bspa
_cBNPHU
082 _a342.729302
_bR426c, 1887
110 1 _aRepública Dominicana.
_9447
240 1 0 _aConstitución (1887)
245 1 0 _aConstitución política de la República Dominicana.
260 _aSanto Domingo :
_bImprenta "Cuna de América" José R. Roques,
_c1887.
300 _a37 p. ;
_c23 cm.
590 _aInventariado, 2019/MFF
651 4 _aRepública Dominicana
_xConstitución (1887{Rpara}
_958890
651 4 _aRepública Dominicana
_xDerecho Constitucional
_99303
910 _aValidado, 2019/MFF
999 _c32770
_d32770